30 biggest cities in The Netherlands on a map - Statistics

General Stats
  • This quiz has been taken 78 times
  • The average score is 18 of 30
Answers on the Map
Answers color-coded by a green-red scale on the quiz's map according to % correct below.
 
Answer Stats
City Population % Correct
Amsterdam 934,526
100%
Rotterdam 672,960
100%
The Hague 568,945
96%
Eindhoven 249,035
92%
Groningen 244,441
88%
Utrecht 376,757
88%
Maastricht 125,563
80%
Tilburg 230,357
75%
Haarlem 168,743
73%
Breda 188,779
69%
Arnhem 169,364
67%
Leiden 130,638
67%
Nijmegen 189,007
67%
Zwolle 133,810
65%
Apeldoorn 168,551
61%
Enschede 162,317
59%
Alkmaar 112,896
55%
Delft 110,173
55%
Leeuwarden 129,973
55%
Almere 229,574
53%
Dordrecht 122,796
53%
Amersfoort 163,298
49%
Emmen 109,678
41%
Ede 124,214
39%
's-Hertogenbosch 161,530
39%
Zoetermeer 129,862
35%
Zaanstad 162,828
33%
Haarlemmermeer 165,255
20%
Alphen aan den Rijn 115,773
12%
Westland 116,916
10%
No matching quizzes found
Score Distribution
Percent of People with Each Score
Percentile by Number Answered
Your Score History
You have not taken this quiz